Normal view
MARC view
Entry Personal Name
001 - CONTROL NUMBER
- control field: 17325
003 - CONTROL NUMBER IDENTIFIER
- control field: OSt
005 - DATE AND TIME OF LATEST TRANSACTION
- control field: 20240617112656.0
008 - FIXED-LENGTH DATA ELEMENTS
- fixed length control field: 240617|| aca||aabn | a|a d
040 ## - CATALOGING SOURCE
- Original cataloging agency: OSt
- Transcribing agency: OSt
100 ## - HEADING--PERSONAL NAME
- Personal name: Rocchi, Paulo
670 ## - SOURCE DATA FOUND
- Source citation: Work cat.: (OSt)8532: Rocchi, Paulo., The structural theory of probability :, c2003.
